000 00448nam a22001577a 4500
003 OSt
005 20221007202509.0
008 221007b |||||||| |||| 00| 0 eng d
040 _cBiblioteca Lado V
082 _a708
_bG686m
100 _9133
_aGottlieb, Lennart
_eeditor
245 _aMichael KVIUM/
_bThe Painter/
260 _bLindhardt og Ringhof Publishers
300 _a191p.
_c24x34cm
942 _2ddc
_c1
_h708
_iG686m
_n0
999 _c2250
_d2250